Statistics for Tekst til "La den gå" fra Frost

Click here to take the quiz!

General Stats

  • This quiz has been taken 70 times
  • The average score is 19 of 39

Answer Stats

Lyrics% Correct
Det glitrer hvitt over {fjellet} i natt,
81%
Slipp {ingen} inn, la {ingen} se,
78%
{La} {den} {gå}, {la} {den} {gå}
76%
det vet de {nå}!
73%
Kan ikke {nå} meg her
73%
og som {dronning} står jeg her.
73%
Nå skal jeg {se}, hva jeg få til.
71%
Og vinden hyler lik som {stormen} i mitt bryst.
69%
Jeg blir {her},
66%
Litt {frost} gjør meg ingenting uansett.
66%
Jeg dekket til det ingen {så}
64%
Å teste {grenser}, når jeg vil.
59%
Den kraften jeg {skjulte} før.
59%
det er vakkert {vintervær}.
56%
La min {kraft} fyller alt jeg ser
56%
Min {kraft} den jager gjennom luften ned mot jord.
56%
I {riket} jeg bor alene,
53%
alt de {tror} de har sett.
47%
Slik er {plikten}, jeg er jo født til det.
47%
{La} {det} {storme} {her},
46%
{La} {det} {storme} {nå},
46%
{Er} {fri}!
42%
Jeg har {snudd} og stengt en dør.
41%
Og den {frykt} som en gang holdt meg,
41%
Så {lite} som det er.
39%
Og sjelen er som frosne {iskrystaller} ifra nord.
37%
Litt {avstand} gjør det meste,
34%
Holdt det ikke ut, {himlen} så min dyst.
32%
Jeg er {lei}
32%
All {fortid} er forbi!
31%
For alle {regler} er forbi.
31%
og jeg smiler {bredt}.
31%
der {gleden} er.
29%
Jeg er {klar},
29%
Jeg skal stige lik {solen} nå.
29%
Jeg {gråter} ikke mer.
27%
En {tanke} har tatt form som rim med nåler i.
24%
Jeg {vender} {aldri} {hjem},
22%
{Perfekt} er fortid så.
15%

Score Distribution

Percentile by Number Answered

Percent of People with Each Score

Your Score History

You have not taken this quiz